[Event "XVIII Najdorf Open 2018"]
[Site "Warsaw"]
[Date "2018.07.16"]
[Round "9"]
[White "Thybo, Jesper Sondergaard"]
[Black "Bernadskiy, Vitaliy"]
[Result "0-1"]
[WhiteElo "2497"]
[BlackElo "2586"]
[Annotator "TA"]
[PlyCount "34"]
[EventDate "2018.07.08"]
[EventCountry "POL"]
[SourceTitle "playchess.com"]
[Source "ChessBase"]
[SourceQuality "1"]

{[%evp 19,34,-11,-17,-19,-14,-42,-52,-169,-164,-233,-236,-257,-270,-414,-338,-2020,-1932]} 1. d4 {Schulz,André} Nf6 2. c4 g6 3. Nf3 Bg7 4. g3 b6 {[%cal Bb7b6,Bb6b5][%mdl 32]} 5. Bg2 Bb7 6. O-O O-O 7. Qc2 c5 {A50: Queen's Fianchetto Defence (1 d4 Nf6 2 c4 b6)} 8. d5 b5 9. e4 bxc4 10. Nbd2 (10. Rd1 d6 11. Na3 Nbd7 12. Nxc4 Ng4 13. Bd2 Ba6 14. Rab1 Nge5 15. Nfxe5 Nxe5 16. Nxe5 Bxe5 {½-½ (42) Mamedyarov,S (2799)-Artemiev,V (2691) Riadh 2017}) 10... e6 {LiveBook: 3 Games} 11. dxe6 fxe6 12. Re1 $146 ({Predecessor:} 12. e5 Ng4 13. Ne4 Na6 14. Qxc4 Rxf3 15. Bxf3 Nxe5 {0-1 (25) Leiva,G (2400)-Bluebaum,M (2580) Khanty-Mansiysk 2015 EXT 2016 [Schulz,André]}) 12... Nc6 {[%cal Bb8c6,Bc6e5,Be5f3][%mdl 32] ...d5 is the strong threat.} 13. e5 (13. Nxc4 $15 d5 14. exd5 exd5 15. Nce5) 13... Ng4 $19 14. h3 {[#]} (14. Qxc4 $142 Ngxe5 15. Nxe5 Nxe5 16. Rxe5 Bxg2 17. Rxc5) 14... Nxf2 $1 {[%mdl 512]} 15. Kxf2 Nxe5 16. Rf1 (16. Rxe5 $142 Bxe5 17. Nxc4 Bd4+ 18. Be3) 16... Qc7 17. g4 $2 (17. Kg1 Nxf3+ 18. Nxf3 Qxg3 19. Qe2) 17... Nxf3 0-1

[Event "XVIII Najdorf Open 2018"]
[Site "Warsaw"]
[Date "2018.07.16"]
[Round "9"]
[White "Socko, Monika"]
[Black "Heberla, Bartlomiej"]
[Result "1/2-1/2"]
[WhiteElo "2458"]
[BlackElo "2563"]
[Annotator "TA"]
[PlyCount "138"]
[EventDate "2018.07.08"]
[EventCountry "POL"]
[SourceTitle "playchess.com"]
[Source "ChessBase"]
[SourceQuality "1"]

{[%evp 19,138,-10,0,-41,-36,-46,-16,-35,-34,-44,-50,-68,-59,-53,-48,-48,-47,-48,-63,-64,-47,-53,-38,-49,-46,-60,-45,-52,-34,-56,-38,-25,-29,-36,-35,-39,-34,-45,-57,-69,-69,-79,-69,-73,-77,-100,-47,-63,-63,-60,-39,-79,0,0,0,0,0,-43,-14,-61,-41,-63,-64,-85,-87,-90,-93,-87,-77,-81,-72,-107,-86,-106,-72,-72,-72,-72,-14,-28,-13,-7,0,0,-10,-23,0,0,0,0,0,0,0,0,0,0,0,0,0,0,0,0,0,0,0,0,0,0,0,0,0,0,0,0,0,0,0,0,0,0,0]} 1. e4 c5 2. Nf3 e6 3. g3 Nc6 4. Bg2 Nf6 5. Qe2 (5. d3 d5 6. Nbd2 Be7 7. O-O O-O 8. Re1 b5 9. e5 Nd7 10. Nf1 Bb7 11. h4 Qc7 12. Bf4 Rfc8 13. Ne3 Qd8 14. Ng4 Bf8 15. Bg5 Qe8 16. c3 h6 17. Bf4 a5 18. Qd2 b4 19. c4 Ne7 20. h5 {1-0 (59) Kuzubov,Y (2699)-Grischuk,A (2772) Riadh 2017}) 5... e5 6. O-O {B40: Sicilian: 2...e6, Unusual lines} Be7 7. c3 {[%cal Bc2c3,Bc3c4][%mdl 32]} O-O 8. Rd1 d5 9. exd5 Qxd5 10. d3 Rd8 {LiveBook: 8 Games} 11. c4 Qd6 {Strongly threatening ...e4!} 12. Nc3 Bf5 {[%cal Rf5d3]} 13. Nb5 $146 Qb8 14. Nh4 Bg4 15. f3 Be6 16. f4 a6 17. Bxc6 bxc6 18. Nc3 Bg4 19. Nf3 exf4 20. Bxf4 Bxf3 21. Qxf3 Qxb2 22. Rdc1 {next Rab1 is good for White.} Qb7 23. Re1 Qd7 24. Kg2 Ra7 25. Rad1 Rb7 26. Re2 Re8 27. Rde1 Bf8 28. Rxe8 Nxe8 29. Ne4 Nc7 30. Bxc7 Qxc7 31. Re2 Qd7 32. Nf2 Rb8 (32... a5 $17) 33. Ng4 f6 34. h4 Rd8 (34... a5 {feels hotter.} 35. h5 h6 36. Qe4 a4 37. Qg6 Kh8) 35. Re3 Re8 (35... a5 $17) 36. Rxe8 $11 Qxe8 37. h5 Qe6 38. Nf2 (38. h6 $5) 38... f5 39. Nh3 Be7 $36 {[%mdl 2048] Black fights for an advantage.} 40. Nf4 Qd7 41. Qe3 Kf7 42. Ne2 Qe6 43. Qf3 Bf6 44. Nf4 Qd7 45. Qe2 Bd4 46. Qe1 g5 47. hxg6+ hxg6 48. Qh1 {Threatening Qh7+.} Kg7 ({Black should try} 48... Bg7 $17) 49. Qe1 $1 g5 50. Ne6+ Kf6 51. Nxd4 cxd4 {[%mdl 4096] Endgame KQ-KQ} 52. Qh1 $1 Kg7 53. Qe1 $1 {The position is equal.} Qd6 54. Qe8 c5 55. Kf2 f4 56. g4 $1 f3 57. Qc8 Qe7 58. Kxf3 Qe3+ 59. Kg2 Qe2+ 60. Kg1 Qd1+ 61. Kg2 Qc2+ 62. Kg1 Qxd3 {[#] Threatens to win with ...Qb1+.} 63. Qc7+ Kh6 {And now ...Qb1+ would win.} 64. Qh2+ Kg6 {( -> ...Qb1+)} 65. Qd6+ Kf7 {aiming for ...Qb1+.} 66. Qd7+ Kg8 67. Qd8+ Kf7 {[#] ...Qg3+ is the strong threat.} 68. Qd7+ Kf8 {White must now prevent ...Qb1+.} 69. Qd8+ Kf7 {Precision: White = 68%, Black = 43%.} 1/2-1/2

[Event "XVIII Najdorf Open 2018"]
[Site "Warsaw"]
[Date "2018.07.16"]
[Round "9"]
[White "Romanishin, Oleg M"]
[Black "Dhulipalla, Bala Chandra Prasad"]
[Result "1-0"]
[WhiteElo "2440"]
[BlackElo "2268"]
[Annotator "TA"]
[PlyCount "85"]
[EventDate "2018.07.08"]
[EventCountry "POL"]
[SourceTitle "playchess.com"]
[Source "ChessBase"]
[SourceQuality "1"]

{[%evp 13,85,-34,-35,-31,46,39,57,49,52,52,59,44,29,33,41,31,54,54,58,58,62,58,47,60,52,60,47,43,75,81,83,68,97,83,105,7,137,127,221,222,222,208,212,198,306,305,305,299,335,335,335,335,335,307,335,335,479,479,479,479,479,479,1007,990,1086,1080,1031,906,887,941,1969,2290,2141,1755]} 1. d4 d5 2. Nf3 Nf6 3. c4 c6 4. Nc3 dxc4 5. e3 {[%cal Be2e3,Be3e4,Be4e5][%mdl 32]} b5 6. a4 b4 7. Ne2 {D15: Damengambit (Slawische Verteidigung)} e6 {LiveBook: 9 Partien} (7... Ba6 8. Ng3 c5 9. Bd2 e6 10. Rc1 Qd5 11. Ne5 cxd4 12. Nxc4 Nbd7 13. Be2 Rc8 {0-1 (22) Mamedyarov,S (2766)-Nakamura,H (2767) Zug 2013 CBM 154 [Margvelashvili,G]}) 8. Nf4 Nd5 $146 ({Lieber} 8... Ba6 $15) ({Vorgänger:} 8... Ba6 9. Ne5 Bd6 10. Nxc4 Bxf4 11. exf4 O-O 12. Bd3 c5 13. dxc5 Qd5 14. b3 Qxg2 {0-1 (51) Romanishin,O (2532)-Ruck,R (2574) Budapest 2008}) 9. e4 {Weiß steht etwas besser.} Nf6 10. e5 Nd5 $1 11. Bxc4 Be7 12. a5 Ba6 13. b3 O-O 14. O-O Nxf4 15. Bxf4 c5 16. Qe2 Bxc4 17. Qxc4 Nc6 {[%cal Rc6d4]} 18. dxc5 Qc7 19. a6 Rfd8 20. Be3 Rd5 21. Rad1 $36 {[%mdl 2048] Weiss ist am Drücker.} Rad8 22. Rxd5 exd5 23. Qg4 g6 24. Rd1 (24. h3 $16) 24... Qa5 (24... h5 $11 {bleibt in der Remisbreite.} 25. Qf4 d4) 25. Nd4 $16 Qxa6 (25... Nxd4 $16 26. Qxd4 Qxa6) 26. Nxc6 $18 Qxc6 27. Qxb4 Rc8 {[%cal Re7c5]} 28. Qa4 d4 (28... Qxa4 {kämpft weiter.} 29. bxa4 Kf8 30. Rxd5 Ke8) 29. Qxc6 ({Keinesfalls} 29. Bxd4 Qxa4 30. bxa4 Kf8 $18) ({Schwächer ist} 29. Qxd4 Bxc5 30. Qxc5 Qxc5 $16) (29. Rxd4 Qxc5 30. Qa6 Qc3 $16) 29... Rxc6 30. Bxd4 Bxc5 31. Rc1 Bxd4 {[%cal Rc6c1] [#]} 32. Rxc6 Bxe5 {[%mdl 4096] Endspiel KT-KL} 33. g4 Kg7 34. Kg2 Bd4 (34... h6 $142 35. h4 Bd4) 35. f4 {Weiß steht klar auf Gewinn.} Be3 36. Kf3 Bg1 37. h3 {[%cal Bh2h3,Bh3h4,Bh4h5][%mdl 32]} h6 (37... Bd4 $142 38. Ke4 Bb6) 38. b4 {[%cal Bb3b4,Bb4b5][%mdl 32]} Bd4 39. Ke4 Bf2 40. b5 Bg1 41. h4 Bf2 42. h5 Bg1 43. f5 {Precision: Weiß = 82%, Schwarz = 42%.} 1-0

[Event "XVIII Najdorf Open 2018"]
[Site "Warsaw"]
[Date "2018.07.16"]
[Round "9"]
[White "Das, Arghyadip"]
[Black "Chomczyk, Marek"]
[Result "1-0"]
[WhiteElo "2435"]
[BlackElo "2247"]
[Annotator "TA"]
[PlyCount "71"]
[EventDate "2018.07.08"]
[EventCountry "POL"]
[SourceTitle "playchess.com"]
[Source "ChessBase"]
[SourceQuality "1"]

{[%evp 15,71,59,65,67,106,99,73,65,91,91,107,84,106,104,140,131,132,131,140,125,125,132,128,118,118,90,210,204,233,177,256,250,493,245,261,261,259,243,392,406,402,386,449,448,437,437,437,437,390,418,386,393,696,656,582,547,797,782]} 1. e4 e5 2. Bc4 Nc6 3. Nc3 Nf6 4. d3 Bc5 5. f4 d6 6. Nf3 Bg4 7. Na4 Qe7 8. Nxc5 dxc5 9. Bb5 {C30: King's Gambit Declined} exf4 (9... O-O-O 10. Bxc6 bxc6 11. O-O exf4 12. Bxf4 c4 13. Qe1 Bxf3 14. Rxf3 cxd3 15. cxd3 Qc5+ 16. Be3 Qb5 17. a4 Qa6 18. Ra3 Rxd3 19. Qe2 Rhd8 20. Bd4 R8xd4 21. Rfxd3 Rxe4 22. Rd8+ {1-0 (22) Ledger,D (2282)-Rayner,F (2181) Scarborough 2013}) 10. Bxc6+ bxc6 11. Bxf4 {White is better.} c4 $146 ({Predecessor:} 11... Nd5 12. Bg3 Ne3 13. Qe2 Nxg2+ 14. Qxg2 Qf6 15. O-O {1-0 (15) Voje,D-Chandler,J Minneapolis 1996}) 12. O-O O-O 13. h3 Bh5 14. Qe1 Rad8 15. Qc3 cxd3 16. cxd3 c5 17. Rf2 Nd7 18. Bxc7 Rc8 19. Bh2 c4 20. Nd4 {[#] Black must now prevent Nf5.} cxd3 (20... Bg6 $16 {keeps fighting.}) 21. Nf5 $18 {[%csl Gf5][%cal Rc3g7]} (21. Qxd3 Bg6 $14) 21... Qg5 22. Qd4 {Strongly threatening Bf4.} Rc1+ (22... Rfd8 $142) 23. Rxc1 Qxc1+ 24. Rf1 {[%csl Gf5][%cal Rd4g7]} Qc5 {[#]} 25. Qxc5 $1 Nxc5 26. g4 Bg6 (26... Bxg4 $142 27. hxg4 Nxe4 28. Ne7+ Kh8) 27. Bd6 Bxf5 28. Bxf8 ({Stronger than} 28. Rxf5 d2 $11) ({Weaker is} 28. exf5 Rc8 $14) ({Less strong is} 28. Bxc5 Bxe4 29. Bxf8 Kxf8 $18) 28... Nxe4 29. Rxf5 Kxf8 {[%mdl 4096] Endgame KR-KN} 30. Rd5 d2 31. Kf1 Ke7 32. Ke2 {aiming for Re5+.} Ke6 33. Ra5 g5 $2 (33... g6 34. Ra6+ Ke7 35. Rxa7+ Ke6) 34. Ra6+ {White is clearly winning.} Ke5 35. Rxa7 Nf2 36. Kxd2 {Precision: White = 88%, Black = 48%.} 1-0

[Event "XVIII Najdorf Open 2018"]
[Site "Warsaw"]
[Date "2018.07.16"]
[Round "9"]
[White "Percivaldi, Martin"]
[Black "Sowul, Bartosz"]
[Result "1-0"]
[WhiteElo "2393"]
[BlackElo "2242"]
[Annotator "TA"]
[PlyCount "103"]
[EventDate "2018.07.08"]
[EventCountry "POL"]
[SourceTitle "playchess.com"]
[Source "ChessBase"]
[SourceQuality "1"]

{[%evp 22,103,30,31,8,18,56,45,91,58,55,62,68,43,68,47,43,56,85,87,141,143,139,139,144,112,158,135,139,138,145,69,79,72,99,78,69,71,69,49,59,44,44,18,24,29,31,10,46,46,82,75,60,41,37,41,41,46,46,46,101,116,172,172,172,157,164,164,166,159,211,192,956,949,949,949,883,756,929,883,869,862,829,767]} 1. d4 Nf6 2. c4 c5 3. d5 b5 4. cxb5 a6 5. e3 g6 6. Nc3 Bg7 7. Nf3 O-O 8. a4 Bb7 9. Ra3 d6 10. Be2 axb5 11. Bxb5 Na6 12. O-O Nc7 {[%cal Rf6d5] A57: Benko/Volga Gambit} 13. Bc4 {[#]} Qd7 $146 ({Predecessor:} 13... e6 14. e4 Nxe4 15. Nxe4 exd5 16. Rb3 Bc6 17. Rb6 Qd7 18. Nxd6 dxc4 19. Nxc4 Qxd1 20. Rxd1 Bxf3 21. gxf3 Rxa4 {0-1 (61) Gozzoli,Y (2561)-Bauer,C (2618) Saint-Quentin 2015}) 14. e4 Ba6 {White is slightly better.} 15. Bxa6 Rxa6 16. Qc2 Rb8 17. Nd2 Rb4 18. b3 e6 19. dxe6 fxe6 {[#]} 20. e5 $1 {[%mdl 512]} Ng4 {[#]} (20... Nfe8 $142) (20... dxe5 21. Nc4) 21. exd6 $1 $16 Qxd6 {[%csl Gg4][%cal Rd6h2]} 22. g3 Bd4 23. Nce4 Qf8 24. Nc4 Nd5 25. Qe2 Ngf6 26. Bg5 (26. Nxf6+ $16 Qxf6 27. Bd2) 26... Nxe4 $14 27. Qxe4 Nc3 28. Qd3 e5 {[%cal Be6e5,Be5e4][%mdl 32]} 29. Nd2 Rd6 30. Qf3 Qe8 31. Nc4 Re6 32. Bd2 e4 33. Qg2 Rb7 34. a5 Nd5 35. Ne3 Nf6 36. Rb1 $36 {[%mdl 2048] Black is under strong pressure.} Rf7 37. Ra2 h5 38. b4 {Hoping for b5.} Ng4 39. Nxg4 hxg4 40. Be3 Bxe3 (40... Qb5 $14) 41. fxe3 $16 {Strongly threatening b5.} Qb5 (41... cxb4 $16 {might work better.} 42. Rxb4 Qc8) 42. Qe2 $18 Qxe2 43. Rxe2 cxb4 44. Rxb4 {[%mdl 4096] Endgame KRR-KRR} Ra7 45. Ra2 Re5 (45... Raa6 $16 46. Raa4 Kf7) 46. Rb6 Raxa5 $2 (46... Kg7) 47. Rxa5 {White is clearly winning.} Rxa5 48. Rxg6+ {KR-KR} Kf7 49. Rxg4 Ra1+ 50. Kg2 Ra2+ 51. Kh3 Ra4 52. Rf4+ {Precision: White = 80%, Black = 54%.} 1-0

[Event "XVIII Najdorf Open 2018"]
[Site "Warsaw"]
[Date "2018.07.16"]
[Round "9"]
[White "Krysztofiak, Marcin"]
[Black "Kucza, Karol"]
[Result "1/2-1/2"]
[WhiteElo "2384"]
[BlackElo "2308"]
[Annotator "TA"]
[PlyCount "30"]
[EventDate "2018.07.08"]
[EventCountry "POL"]
[SourceTitle "playchess.com"]
[Source "ChessBase"]
[SourceQuality "1"]

{[%evp 17,30,0,5,0,0,0,0,-36,-33,-28,-29,-43,-14,-39,-28]} 1. Nf3 d5 2. g3 Nf6 3. Bg2 c6 4. O-O Bg4 5. d3 Nbd7 6. h3 Bxf3 {A07: Réti Opening: New York and Capablanca Systems} 7. Bxf3 e6 (7... e5 8. e4 Bc5 9. Nc3 dxe4 10. Nxe4 Nxe4 11. dxe4 O-O 12. Qe2 Qe7 {½-½ (71) Ding,L (2781)-Yu,Y (2753) Danzhou 2017}) 8. Bg2 Bd6 9. c4 O-O {LiveBook: 4 Games} 10. cxd5 cxd5 11. Nc3 Qb6 $146 ({Predecessor:} 11... Rc8 12. Nb5 {1-0 (62) Rachela,M (2371)-Straka,J (2291) Slovakia 2014}) 12. b3 Rac8 13. Bb2 Qa5 14. Nb1 Rc7 15. a3 Rfc8 1/2-1/2

[Event "XVIII Najdorf Open 2018"]
[Site "Warsaw"]
[Date "2018.07.16"]
[Round "9"]
[White "Karpus, Michal"]
[Black "Czopor, Maciej"]
[Result "1-0"]
[WhiteElo "2364"]
[BlackElo "2198"]
[Annotator "TA"]
[PlyCount "87"]
[EventDate "2018.07.08"]
[EventCountry "POL"]
[SourceTitle "playchess.com"]
[Source "ChessBase"]
[SourceQuality "1"]

{[%evp 15,87,28,37,13,36,30,33,10,12,10,31,41,50,54,102,65,82,70,70,85,77,84,68,32,74,91,104,95,98,107,71,91,67,-83,-97,-239,-254,-258,-256,-267,-252,-254,-252,-238,-92,-109,0,0,83,77,81,84,85,93,410,392,409,378,354,359,320,58,68,88,29986,1432,29987,29988,29993,29994,29994,29995,29998,29999]} 1. e4 c5 2. Nf3 e6 3. d4 cxd4 4. Nxd4 Nf6 5. Nc3 d6 6. Be3 a6 7. f3 h5 {B80: Sicilian Scheveningen: 6 g3 and 6 Be3, including English Attack} 8. Qd2 (8. Be2 Qc7 9. O-O b5 10. Qd2 Nbd7 11. b4 d5 12. exd5 Bxb4 13. Ncxb5 axb5 14. Qxb4 Nxd5 15. Qd2 Nxe3 16. Qxe3 {½-½ (39) Vidit,S (2707)-Grandelius,N (2651) Malmo 2018}) 8... Be7 {LiveBook: 23 Games} 9. g3 Nbd7 {The position is equal.} 10. O-O-O $146 ({Predecessor:} 10. h3 Qc7 11. Qf2 b5 12. O-O-O Bb7 13. Bd3 b4 14. Nce2 d5 15. Nxe6 fxe6 16. exd5 Bxd5 {0-1 (36) Sladek,J (2130)-Jurek,J (2335) Klatovy 2000}) 10... Qc7 11. h3 b5 12. a3 Bb7 13. Rg1 Ne5 14. g4 hxg4 15. hxg4 Nfd7 16. g5 g6 $1 17. f4 Nc4 18. Bxc4 $1 Qxc4 19. e5 d5 20. f5 gxf5 {aiming for ...b4.} ({Much worse is} 20... exf5 $6 21. e6 $11) 21. g6 Nxe5 {And now ...b4 would win.} 22. gxf7+ Kxf7 23. Bf4 $1 {[%cal Rf4e5]} Ng4 {[#]} 24. Rde1 (24. Rxg4 $1 $14 {[%mdl 512] keeps the upper hand.} fxg4 25. Qe3) 24... Bf6 $1 $17 {[%cal Rf6d4]} (24... Bc5 $2 25. Nxe6 Bxg1 26. b3 $17) 25. Nxe6 (25. Nce2 $17 {was the only chance.}) 25... Rae8 $1 $19 {[%cal Re8e6]} 26. Ng5+ Kg6 $1 27. Nf3 {Be5 is the strong threat.} d4 28. Ne5+ Rxe5 $1 (28... Bxe5 29. Rxe5 Bf3 30. Kb1 $15) 29. Bxe5 Bg5 ({Weaker is} 29... Bxe5 30. Rxe5 dxc3 31. Qd6+ Kg5 32. Re7 $14) (29... dxc3 $19 {is more deadly.} 30. Qd6 Qc6 31. Qxc6 Bxc6 32. Bxc3 Kf7 33. Bxf6 Kxf6) 30. Bf4 $17 dxc3 (30... Rh2 $1 $17 {[%cal Rh2d2]} 31. Ne2 Rxe2 $1 {[%mdl 512]} 32. Rxe2 Bxf4 33. Qxf4 Qxe2 34. Qd6+ Kh5 35. Qxd4 Qe3+ 36. Qxe3 Nxe3) 31. Qd6+ $11 Bf6 {[#]} (31... Kh5 $1 $11 32. Bxg5 Qa2 33. bxc3 Be4 34. Rh1+ Kxg5 35. Qe7+ Kg6 36. Qd6+ Nf6 37. Rhg1+ Kf7 38. Qc7+ Ke6 39. Rxe4+ fxe4 40. Qb6+ Kf7 41. Qb7+ Ke6 42. Qb6+ Kf7 43. Qb7+ Ke6 44. Qb6+) 32. Re6 $1 $40 {[%cal Re6f6][%mdl 128] White is out for blood.} cxb2+ 33. Kb1 {[#] Intending Rxf6+ and mate.} Rf8 $1 {[%mdl 512] Threatens to win with ...Bd5.} 34. Be5 $1 {[#] Rxf6+ would kill now.} (34. Qxf8 Qxe6) 34... Be4 $2 {[%mdl 8192]} (34... Qc6 $1 $16 {is more resistant.} 35. Qxc6 Bxc6 36. Rxc6 Kg5 37. Bxb2 Bxb2 38. Kxb2 Rf6) 35. Rxf6+ $1 $18 Rxf6 36. Qxf6+ Kh5 37. Qh8+ Kg6 38. Bxb2 $2 ({Less strong is} 38. Kxb2 Qxc2+ 39. Ka1 Qf2 $18) ({White should play} 38. Bc3 $18) 38... Qxc2+ $14 39. Ka1 b4 $2 {[%mdl 8192]} (39... Qb3 $16 40. Qg7+ Kh5 41. Qh7+ Kg5 42. Qe7+ Kh5) 40. Qg7+ Kh5 41. Bf6 {[%csl Gf6][%cal Rg7g5] White mates.} Qd2 42. Qh7+ Qh6 {[#]} 43. Rh1+ $1 {[%mdl 512]} Bxh1 44. Qxf5+ {Precision: White = 56%, Black = 61%.} 1-0

[Event "XVIII Najdorf Open 2018"]
[Site "Warsaw"]
[Date "2018.07.16"]
[Round "9"]
[White "Lewtak, Damian"]
[Black "Fus, Jakub"]
[Result "1/2-1/2"]
[WhiteElo "2358"]
[BlackElo "2195"]
[Annotator "TA"]
[PlyCount "160"]
[EventDate "2018.07.08"]
[EventCountry "POL"]
[SourceTitle "playchess.com"]
[Source "ChessBase"]
[SourceQuality "1"]

{[%evp 12,160,0,-23,25,0,0,3,18,13,4,7,10,0,0,4,29,26,27,30,28,29,26,0,0,0,0,-27,-14,-30,-21,-21,8,1,1,-18,-13,-9,8,8,6,6,6,0,5,0,10,11,16,16,17,27,29,20,12,12,30,31,30,29,29,31,23,25,57,9,10,7,8,0,5,2,2,0,0,0,0,0,0,0,4,0,10,0,0,0,0,0,0,0,0,0,0,0,0,0,0,0,0,0,0,0,0,0,0,0,0,0,0,0,0,0,0,0,0,0,0,0,0,0,0,0,0,0,0,0,0,0,0,0,0,0,0,0,0,0,0,0,0,0,0,0,0,0,0,0,0,0,0,0,0]} 1. d4 Nf6 2. g3 e6 3. Bg2 d5 4. c4 Bb4+ 5. Bd2 Be7 6. Nf3 O-O 7. Nc3 {LiveBook: 24 Games} Ne4 {E11: Bogo-Indian} (7... dxc4 8. Bf4 Nc6 9. O-O a6 10. a4 Nd5 11. Ne5 Nxf4 12. Nxc6 Nxe2+ 13. Qxe2 bxc6 14. Rfd1 Rb8 15. Bxc6 {0-1 (29) Yanev,T (2382)-Mchedlishvili,M (2626) Plovdiv 2012}) 8. Be3 Nxc3 $146 ({Predecessor:} 8... Bb4 9. Qb3 Bxc3+ 10. bxc3 dxc4 11. Qxc4 c6 12. Qd3 f5 13. Ne5 Nf6 14. O-O Nd5 15. Bc1 {1-0 (43) Chatziioannidi,F (1671)-Karvouniaris,S (1368) Athens 2018}) 9. bxc3 Nd7 10. Qb3 c6 11. O-O b6 12. Nd2 Bb7 13. a4 {[%cal Ba2a4,Ba4a5,Ba5a6][%mdl 32]} Qc8 14. Rfc1 dxc4 15. Nxc4 c5 16. Bxb7 Qxb7 17. a5 b5 18. a6 Qc6 19. Nd2 c4 20. Qc2 Nf6 21. Bg5 h6 22. Bxf6 Bxf6 23. Rcb1 Rab8 24. Qe4 Rfc8 (24... Qd6 {keeps more tension.} 25. Nf3 Rfc8 26. Kg2 Rb6 27. Ne5 Qd8) 25. Qxc6 Rxc6 26. e3 Be7 27. Kf1 b4 28. cxb4 c3 29. b5 Rcc8 30. Nf3 {Black should prevent Rb3.} c2 31. Rc1 {And now Ra2 would win.} Rxb5 {[#] Threatens to win with ...Ba3!} 32. Ne1 Rb2 33. Ke2 Rc6 34. Nd3 Rbb6 35. Ne5 Rc7 36. Ra2 Bd6 37. Nd3 Rcc6 38. Nc5 Bxc5 {The position is equal.} 39. Raxc2 Rxa6 40. Rxc5 $11 {[%mdl 4096] Endgame KRR-KRR} Ra2+ 41. Kf3 Rb6 42. R1c2 Rxc2 43. Rxc2 {KR-KR} a5 44. Rc8+ Kh7 45. Ra8 Rb5 46. h4 h5 47. Ke4 Kg6 48. f3 Kf6 49. g4 g5 50. hxg5+ Rxg5 51. Kf4 hxg4 52. fxg4 Rb5 53. Ra7 Kg6 54. Ra6 Kg7 55. e4 Kf8 56. g5 Ke7 57. Ra8 Kd7 58. Ra7+ Ke8 59. g6 fxg6 60. e5 Rd5 61. Kg5 Rd7 62. Rxa5 Kf7 63. Ra1 Ke7 64. Kxg6 Rxd4 65. Ra7+ Ke8 66. Kf6 Rh4 67. Re7+ Kd8 68. Rg7 (68. Rxe6 Rf4+ 69. Kg5 Rf1 $14) 68... Ke8 69. Rg1 Rh2 70. Rg8+ Kd7 71. Rg7+ Ke8 72. Re7+ Kd8 73. Rxe6 Rf2+ 74. Kg6 Kd7 75. Rf6 (75. Ra6 {feels hotter.} Ke7 76. Ra7+ Ke6 77. Ra6+ Kxe5 78. Ra5+) 75... Re2 76. Rd6+ Ke7 77. Kf5 Rf2+ 78. Ke4 Re2+ 79. Kf4 Re1 80. Rd2 Ke6 {Precision: White = 65%, Black = 75%.} 1/2-1/2

[Event "XVIII Najdorf Open 2018"]
[Site "Warsaw"]
[Date "2018.07.16"]
[Round "9"]
[White "Bartel, Michal"]
[Black "Dwilewicz, Katarzyna"]
[Result "1-0"]
[WhiteElo "2349"]
[BlackElo "2009"]
[Annotator "TA"]
[PlyCount "57"]
[EventDate "2018.07.08"]
[EventCountry "POL"]
[SourceTitle "playchess.com"]
[Source "ChessBase"]
[SourceQuality "1"]

{[%evp 13,57,32,64,30,25,25,22,12,25,29,25,-8,0,0,4,0,25,20,19,2,1,0,64,61,71,40,67,26,49,13,66,69,68,60,59,45,70,45,59,67,62,63,111,108,155,44]} 1. e4 c5 2. Nf3 e6 3. Nc3 Nc6 4. d4 cxd4 5. Nxd4 Qc7 6. Qd3 {B47: Sicilian: Taimanov: 5 Nc3 Qc7 6 f4, 6 g3 and 6 Be2} a6 7. Nxc6 Qxc6 {LiveBook: 16 Games} 8. Be3 $146 {White is slightly better.} ({Predecessor:} 8. Be2 b5 9. a3 Bb7 10. Bf4 Rc8 11. O-O Nf6 12. Rfd1 Be7 13. f3 Nh5 {½-½ (68) Smirnov,A (2527)-Wang,Y (2690) chess.com INT 2018}) 8... b5 9. a3 Bb7 10. Be2 Rc8 11. O-O Nf6 {[%cal Rf6e4]} 12. Rad1 b4 13. axb4 Bxb4 14. Bf3 {Threatens to win with e5.} Qc4 {[%cal Rb4c3]} 15. Bd4 Qxd3 16. cxd3 d6 17. Rc1 Kd7 (17... O-O $11) 18. Na4 $14 {Black must now prevent Nb6+.} Ba5 19. b4 Bc7 20. Ra1 Bc6 21. Nc3 e5 (21... Ra8 $11) 22. Be3 Ra8 23. d4 $36 {[%mdl 2048] Black is under pressure.} Rhb8 24. Rfb1 exd4 25. Bxd4 Bb6 26. Rd1 Bxd4 27. Rxd4 Ke7 28. Rc4 Bb7 {[#]} 29. e5 {Precision: White = 55%, Black = 49%.} ({White has to play} 29. Rc7+ $1 $16 Kf8 30. Rxb7 Rxb7 {[#]} 31. e5 $1 {[%mdl 512]}) 1-0